000 01530cam a22004574i 4500
003 PE-LiUPU
005 20250731173455.0
008 150616s1992 ilu r 000 0 spa d
020 _a0802486967
035 _a(Sirsi) i9780802486967
040 _aPE-LiUPU
_bspa
_cPE-LiUPU
_erda
049 _aPRUA
082 0 4 _a227.8107
_bH49
_221
100 1 _aHiebert, D. Edmond,
_eautor.
245 1 0 _a1 Et 2 Thessalonians /
_cD. Edmond Hiebert.
264 1 _aChicago :
_bMoody Press,
_c1992.
300 _a415 páginas ;
_c22 centímetros
336 _atext
_2rdacontent
337 _aunmediated
_2rdamedia
338 _avolume
_2rdacarrier
505 0 _aInterpretación y crítica de 1 y 2 de Tesalonicenses.
526 _aSEG42
526 _aSEG41
526 _aSEG40
526 _aSEG39
526 _aP94
526 _aP87
526 _aP86
526 _aP85
526 _aP77
526 _aP76
526 _aP35
630 _aBiblia.
_pN.T.
_pTesalonicenses
_xCrítica, interpretación, etc.
910 _ajck
_bjvq
_cjck
942 _2ddc
_cBOOK
949 _a227.8107 H49
_wDEWEY
_c1
_i39935
_lCCODEBUL1
_mBUL
_r0
_sY
_tBOOK
_u2015-6-16
_xTEOLOGIA
_zUNKNOWN
_0COMPRA
_o.STAFF. Colección Teología
994 _aC0
_bPEPRU
596 _a1
999 _a227.8107 H49
_wDEWEY
_c57710
_i39935
_d57710
_e2019-4-8
_f2021-11-9
_g5
_lCCODEBUL1
_mBUL
_n1
_p25.00
_q2
_r0
_sY
_tBOOK
_u2015-6-16
_xTEOLOGIA
_PP35
_0COMPRA
_o.STAFF. Colección Teología
980 _81
_gALBERTO SANCHEZ Responsable de Automatización